00562nam a22002057a 450000500170000001000130001702000210003003500130005103700160006404000120008008200150009224500540010726000360016127000190019730000210021650000390023765000200027665000430029670000170033920170124110026.0 aA-048471 c00.00a041683866 aA-048471 bCen Lib/Ret aDPLbEN a575.1bHAR aHeredity & environment /cedited by A.H.Halseyb  aLondonbMethuen & co. ltdc1977 aLondonbLondon a337p. c20cm(Hb) aIncludes bibliographical reference aHeredity, Human aHuman beings--Effect of environment on aHalsey, A.H.